Elisabeth (Record no. 49364)

MARC details
000 -LEADER
campo de control de longitud fija 00614nam a2200181 i 4500
001 - NÚMERO DE CONTROL
campo de control 49364
003 - IDENTIFICADOR DE NÚMERO DE CONTROL
campo de control ES-MaACL
005 - FECHA Y HORA DE LA ÚLTIMA TRANSACCIÓN
campo de control 20230906161933.0
007 - CAMPO FIJO DE DESCRIPCIÓN FÍSICA--INFORMACIÓN GENERAL
campo de control de longitud fija t|
008 - DATOS DE LONGITUD FIJA--INFORMACIÓN GENERAL
campo de control de longitud fija 030715s1936 fr ||||1| fre d
100 1# - ENTRADA PRINCIPAL--NOMBRE DE PERSONA
Nombre de persona Corti, Egon Caesar
Títulos y otros términos asociados al nombre conte.
9 (RLIN) 40928
245 10 - MENCIÓN DEL TÍTULO
Título Elisabeth
Resto del título : Imperatrice d'Autriche /
Mención de responsabilidad, etc. Comte Egon Cesar Corti ; traduit de l'allemand par Marguerite Diehl.
260 ## - PUBLICACIÓN, DISTRIBUCIÓN, ETC.
Lugar de publicación, distribución, etc. Paris :
Nombre del editor, distribuidor, etc. Payot,
Fecha de publicación, distribución, etc. 1936.
300 ## - DESCRIPCIÓN FÍSICA
Extensión 470 p. ;
Dimensiones 23 cm.
600 04 - PUNTO DE ACCESO ADICIONAL DE MATERIA--NOMBRE DE PERSONA
Nombre de persona Isabel
Títulos y otros términos asociados al nombre Emperatriz consorte de Francisco José I, Emperador de Austria.
9 (RLIN) 65519
700 1# - ENTRADA AGREGADA--NOMBRE PERSONAL
Nombre de persona Diehl, Marguerite.
9 (RLIN) 44593
852 ## - LOCALIZACIÓN
Ubicación ES-MaACL
Número de control de estantería A-4476
Holdings
Estatus retirado Estado de pérdida Estado de daño No para préstamo Biblioteca de origen Biblioteca actual Ubicación en estantería Fecha de adquisición Fuente de adquisición Total de préstamos Signatura topográfica completa Código de barras Visto por última vez Precio de reemplazo Tipo de ítem Koha
        Biblioteca del Ateneo de Madrid Biblioteca del Ateneo de Madrid Sala Pecera Planta 1 17/01/2008     A-4476 1051942 23/02/2023 23/02/2023 Libro impreso